Szczegóły MARC21

Podstawy wiedzy o filmie /

003 -Nazwa inst., której nr kontr. jest w polu 001 [,]
    • @
    • Nazwa instytucji, której n kontrolny jest w polu 001
    • NUKAT
005 -DATA I CZAS OSTATNIEJ MODYFIKACJI [,]
    • @
    • pole kontrolne
    • 20250811171617.0
020 -Międzynarod. znormalizowany nr książki - ISBN [ , ]
    • a
    • Numer ISBN
    • 9788374201117 Find
    • q
    • Dopowiedzenie
    • GWO
020 -Międzynarod. znormalizowany nr książki - ISBN [ , ]
    • a
    • Numer ISBN
    • 9788374538152 Find
    • q
    • Dopowiedzenie
    • Słowo/Obraz Terytoria
040 -Instytucja sporządzająca opis [ , ]
    • a
    • Instytucja, która sporządziła opis (NP)
    • WR U/hb
    • c
    • Instytucja, która sporządziła rekord (NP)
    • WR U/hb
    • d
    • Instytucja, która zmodyfikowała rekord (P)
    • WR U/bk
    • d
    • Instytucja, która zmodyfikowała rekord (P)
    • POZN U/KNs
942 -Rodzaj dokumentu [ , ]
    • c
    • Rodzaj dokumentu
    • Książka
100 -Hasło główne - nazwa osobowa [1, ]
    • a
    • Nazwa osobowa (NP)
    • Helman, Alicja
    • d
    • Daty biograficzne (NP)
    • (1935-2021).
    • 9
    • KHW
    • 61822
245 -Strefa tytułu i oznaczenia odpowiedzialności [1,0]
    • a
    • Tytuł
    • Podstawy wiedzy o filmie / Find
    • c
    • Pozostałe elementy strefy tytułu i oznaczenia odpowiedzialności (NP)
    • Alicja Helman, Andrzej Pitrus.
260 -Strefa adresu wydawniczego [ , ]
    • a
    • Miejsce wydania (P)
    • Gdańsk :
    • b
    • Nazwa wydawcy (P)
    • Gdańskie Wydawnictwo Oświatowe :
    • b
    • Nazwa wydawcy (P)
    • Wydawnictwo "Słowo/Obraz Terytoria",
    • c
    • Data wydania (P)
    • cop. 2008.
300 -Strefa opisu fizycznego [ , ]
    • a
    • Określenie formy książki i/lub objętość (NP)
    • 294, [2] s. :
    • b
    • Oznaczenie ilustracji (NP)
    • il. ;
    • c
    • Format (NP)
    • 22 cm.
336 -Typ zawartości [ , ]
    • a
    • Termin opisujący typ zawartości
    • Tekst
    • b
    • Kod określający zawartość
    • txt
    • 2
    • Źródło (terminu i kodu)
    • rdacontent
337 -Typ mediów [ , ]
    • a
    • Tryb odtwarzania
    • Bez urządzenia pośredniczącego
    • b
    • Kod typu mediów
    • n
    • 2
    • Źródło (terminu i kodu)
    • rdamedia
338 -Typ/rodzaj nośnika [ , ]
    • a
    • Hasło opisujące typ nośnika
    • Wolumin
    • b
    • Kod typu nośnika
    • nc
    • 2
    • Źródło (terminu i kodu)
    • rdacarrier
490 -Strefa serii i książki wielotomowej - forma nie do wyszukiwania [1, ]
    • a
    • Tytuł (P)
    • Biblioteka Między Tekstami Find
830 -Hasło dodatkowe serii i opisu książki wielotomowej - tytuł ujednolicony/tytuł [ ,0]
    • a
    • Tytuł ujednolicony/tytuł (NP)
    • Biblioteka Między Tekstami
    • 9
    • KHW
    • 650716
504 -Uwaga dot. bibliogr. załącznikowej [ , ]
    • a
    • Uwaga dot. bibliografii załącznikowej
    • Filmografia s. [273]-278. Indeksy.
080 -Uniwersalna Klasyfikacja Dziesiętna [ , ]
    • 2
    • Identyfikator wydania tablic
    • UDC-P058
    • 9
    • UKD
    • 6198
    • a
    • Symbol klasyfikacji
    • 791
    • b
    • Dopowiedzenie
    • Film. Kino. Widowiska publiczne.
    • 4
    • UKD2
    • 7666
    • x
    • Poddział wspólny
    • (091)
    • c
    • Dopowiedzenie poddz. wspólnego
    • (Opracowania historyczne).
080 -Uniwersalna Klasyfikacja Dziesiętna [ , ]
    • 2
    • Identyfikator wydania tablic
    • UDC-P058
    • 9
    • UKD
    • 8684
    • a
    • Symbol klasyfikacji
    • 791.01
    • b
    • Dopowiedzenie
    • Teoria i filozofia filmu.
650 -Hasło przedmiotowe [ ,7]
    • a
    • Hasło przedmiotowe
    • Kino
    • x
    • Określnik rzeczowy
    • techniki.
    • 2
    • Źródło terminu
    • kaba
    • 9
    • KHW
    • 114387
650 -Hasło przedmiotowe [ ,7]
    • a
    • Hasło przedmiotowe
    • Kino
    • x
    • Określnik rzeczowy
    • estetyka.
    • 2
    • Źródło terminu
    • kaba
    • 9
    • KHW
    • 114375
650 -Hasło przedmiotowe [ ,7]
    • a
    • Hasło przedmiotowe
    • Gatunki filmowe.
    • 2
    • Źródło terminu
    • kaba
    • 9
    • KHW
    • 109708
980 -Symbol UKD [ , ]
    • a
    • UKD
    • 791(091):791.01
700 -Hasło dodatkowe - nazwa osobowa [1, ]
    • a
    • Nazwa osobowa (NP)
    • Pitrus, Andrzej Find
    • d
    • Daty biograficzne (NP)
    • (1968-2025).
    • 9
    • KHW
    • 8827
710 -Hasło dodatkowe - nazwa ciała zbiorowego [2, ]
    • a
    • Nazwa ciała zbiorowego lub nazwa geograficzna jako pierwszy element (NP)
    • Gdańskie Wydawnictwo Oświatowe.
    • 4
    • Kod relacji
    • pbl
    • 9
    • KHW
    • 78228
710 -Hasło dodatkowe - nazwa ciała zbiorowego [2, ]
    • a
    • Nazwa ciała zbiorowego lub nazwa geograficzna jako pierwszy element (NP)
    • Wydawnictwo Słowo/Obraz Terytoria.
    • 4
    • Kod relacji
    • pbl
    • 9
    • KHW
    • 69261
920 -ISBN [ , ]
    • a
    • ISBN
    • 978-83-7420-111-7 Find
    • q
    • Dopowiedzenie
    • GWO
920 -ISBN [ , ]
    • a
    • ISBN
    • 978-83-7453-815-2 Find
    • q
    • Dopowiedzenie
    • "Słowo/Obraz Terytoria"
Data inwentaryzacji Sygnatura Status udost. Lokalizacja Numer inwentarzowy
2009-10-21 1BGZ.113524
2009-10-21POL. Filmoznawstwo 061BMP.21716